|
|
|
|
| LEADER |
00000nkmaa2200000 a 4500 |
| 001 |
vtls011980038 |
| 003 |
SK-MaSNL |
| 005 |
20260301190239.0 |
| 007 |
kh ao |
| 008 |
230802n xo | |||0 k|slo |
| 035 |
|
|
|a urn:nbn:sk:snk-km00ejjl
|
| 035 |
|
|
|a urn:nbn:sk:snk-km45vyq
|
| 035 |
|
|
|a C639B6B4-86F9-490B-BCE5-1F3C5023316E
|
| 040 |
|
|
|a SNKLA
|b slo
|c SNKLA
|e AACR2
|
| 041 |
0 |
|
|a slo
|
| 044 |
|
|
|a xo
|c SK
|
| 245 |
0 |
0 |
|a [Igor Pietor s bratmi a i.]
|h grafika
|
| 260 |
|
|
|a [S.l.
|b s.n.
|c s.a.]
|
| 300 |
|
|
|a 1 fotografia
|b v hnedom tóne
|c 9 x 12 cm
|
| 500 |
|
|
|a Fotografia je na ozdobnej pasparte s rozmermi 14 x 17 cm.
|
| 520 |
2 |
|
|a Zobrazenie: Igor Pietor s bratmi Vladimírom, Pavlom a priateľmi hudobníkmi. Na obr.: v popredí zľava 1. Igor Pietor, 2. Mikuláš Petrikovich, 3. p. Tesák, 4. Vladimír Pietor, v pozadí Pavol Pietor.
|
| 600 |
1 |
7 |
|a Pietor, Igor,
|d 1883-1937
|2 SNKMA
|9 163662
|
| 600 |
1 |
7 |
|a Pietor, Vladimír,
|d 1879-1952
|2 SNKMA
|9 163668
|
| 600 |
1 |
7 |
|a Petrikovich, Mikuláš,
|d 1878-1952
|2 SNKMA
|9 565274
|
| 600 |
1 |
7 |
|a Pietor, Pavol,
|d 1886-1910
|2 SNKMA
|9 162722
|
| 655 |
|
7 |
|a fotografie
|2 SNKPH
|9 70713
|
| 852 |
7 |
|
|a Slovenská národná knižnica v Martine
|b Literárny archív
|
| 958 |
|
|
|a ZO
|
| 958 |
|
|
|a BLA
|
| 999 |
|
|
|c 866821
|d 868751
|
| 952 |
|
|
|a SNKLA
|b SNKLA
|c SNKLA_DEP
|y NEVYP
|7 0
|p 17A1311217
|o snkSP 31/54
|i snkLA 2979/1970
|0 0
|1 0
|4 0
|d 2020-07-07
|f 1
|l 0
|r 2026-02-24 05:30:13
|w 2026-02-24
|